000 00692nam a2200217 i 4500
001 C2-0296091
003 PPAK
005 20180728074502.0
008 090412s1991 my |||| ||||| | may d
040 _aPPAK
_beng
_cPPAK
_erda
082 0 4 _a340.0711
_223
090 0 0 _a340.0711
_bJUN
_dKIH
100 0 _aJunaidi Haji Abu Bakar,
_eauthor
245 1 0 _aMahasiswa dan Undang-undang:
_bSatu Kajian tentang Dimensi Politik Akta Universiti dan Kolej Universiti
264 1 _aBangi, Selangor :
_bUniversiti Kebangsaan Malaysia ,
_c1991
300 _axv, 303 pages ;
_c29 cm
336 _2rdacontent
_atext
337 _2rdamedia
_aunmediated
338 _2rdacarrier
_avolume
942 _ddc
_cB
999 _c100577
_d100577